[Event "Crewe Open"]
[Site "Crewe"]
[Date "2025.06.28"]
[Round "3.23"]
[White "Ellson, Louie"]
[Black "Larchikov, Maksym"]
[Result "1/2-1/2"]
[WhiteElo "1855"]
[BlackElo "2032"]
[PlyCount "134"]
[EventDate "2025.06.27"]
[EventType "swiss"]
[EventRounds "5"]
[EventCountry "ENG"]
[SourceTitle "BritBase"]
[Source "John Saunders"]
[SourceDate "2025.07.10"]
[SourceVersion "1"]
[SourceVersionDate "2025.07.10"]
[SourceQuality "1"]

1. d4 Nf6 2. c4 e6 3. Nf3 b6 4. g3 Ba6 5. b3 Bb4+ 6. Bd2 Be7 7. Bg2 c6 8. O-O d5 9. Qc2 O-O 10. Bg5 Nbd7 11. Nbd2 Rc8 12. e4 dxe4 13. Nxe4 Nxe4 14. Bxe7 Qxe7 15. Qxe4 c5 16. Rfe1 cxd4 17. Nxd4 Nc5 18. Qe3 Qf6 19. Nc6 Rc7 20. Rad1 Nd7 21. Rd6 Nb8 22. Nxb8 Rxb8 23. Red1 Bb7 24. Qd2 g6 25. a4 Bxg2 26. Kxg2 Kg7 27. a5 Rc5 28. axb6 Rxb6 29. Rxb6 axb6 30. Qd6 Qb2 31. Qxb6 Rxc4 32. Rd3 Rc8 33. Qb7 Qc2 34. Rf3 Rc7 35. Qb6 Qc5 36. Qb8 Qe7 37. Qb5 Qc5 38. Qb8 Qe7 39. Rd3 Rd7 40. Rxd7 Qxd7 41. Qf4 Qb7+ 42. Qf3 Qb4 43. Qd3 h5 44. h4 e5 45. Qd5 Qb8 46. Qc4 Qb7+ 47. Kh2 Qf3 48. Qc2 Qb7 49. Qb2 f6 50. b4 Kh6 51. b5 Qb6 52. Qe2 g5 53. hxg5+ fxg5 54. Kg2 Qc5 55. Qd3 Kg7 56. Qd7+ Kf6 57. Qb7 h4 58. gxh4 gxh4 59. Qf3+ Ke7 60. Qe2 Kd6 61. Kh3 Qd4 62. Qf3 e4 63. Qf8+ Kc7 64. Qf4+ Kb6 65. Qb8+ Ka5 66. Qf4 Kxb5 67. Kxh4 Kc4 1/2-1/2

[Event "Crewe Open"]
[Site "Crewe"]
[Date "2025.06.28"]
[Round "3.24"]
[White "Vaidyanathan, Sathya"]
[Black "Bolt, Graham"]
[Result "0-1"]
[WhiteElo "1878"]
[BlackElo "1942"]
[PlyCount "62"]
[EventDate "2025.06.27"]
[EventType "swiss"]
[EventRounds "5"]
[EventCountry "ENG"]
[SourceTitle "BritBase"]
[Source "John Saunders"]
[SourceDate "2025.07.10"]
[SourceVersion "1"]
[SourceVersionDate "2025.07.10"]
[SourceQuality "1"]

1. e4 g6 2. d4 d5 3. e5 c5 4. c3 Nc6 5. Nf3 Bg7 6. a3 cxd4 7. cxd4 Nh6 8. h3 O-O 9. g4 f6 10. exf6 exf6 11. Nc3 Re8+ 12. Be2 f5 13. g5 Nf7 14. Be3 Be6 15. Qd2 Na5 16. Qc2 Rc8 17. O-O-O Nc4 18. Bxc4 Rxc4 19. Nd2 Rc8 20. h4 Qc7 21. Rdg1 f4 22. h5 fxe3 23. fxe3 Bf5 24. e4 dxe4 25. hxg6 hxg6 26. Nb3 Qf4+ 27. Kd1 Bg4+ 28. Ke1 Nxg5 29. Qf2 Nf3+ 30. Kf1 Rf8 31. Ne2 Nd2+ 0-1

[Event "Crewe Open"]
[Site "Crewe"]
[Date "2025.06.28"]
[Round "3.25"]
[White "Shivakumar, Akshath"]
[Black "Longson Hegarty, Sarah N"]
[Result "1-0"]
[WhiteElo "1838"]
[BlackElo "1941"]
[PlyCount "101"]
[EventDate "2025.06.27"]
[EventType "swiss"]
[EventRounds "5"]
[EventCountry "ENG"]
[SourceTitle "BritBase"]
[Source "John Saunders"]
[SourceDate "2025.07.10"]
[SourceVersion "1"]
[SourceVersionDate "2025.07.10"]
[SourceQuality "1"]

1. d4 d5 2. c4 c6 3. Nf3 Nf6 4. Nc3 e6 5. Bg5 Nbd7 6. e3 Qa5 7. cxd5 Nxd5 8. Qd2 h6 9. Bh4 N7f6 10. Bd3 b6 11. O-O Nxc3 12. bxc3 Nd7 13. e4 Bb7 14. Rad1 Ba3 15. Kh1 O-O 16. e5 c5 17. Bf6 cxd4 18. Qf4 Nxf6 19. exf6 Qh5 20. fxg7 Rfd8 21. cxd4 Bxf3 22. Qxf3 Qxf3 23. gxf3 Kxg7 24. Be4 Rac8 25. Rd3 Bb2 26. Rfd1 f5 27. Bb7 Rc7 28. Ba6 Rd5 29. Re3 Rxd4 30. Rxd4 Bxd4 31. Rxe6 Bxf2 32. Bd3 Rf7 33. Kg2 Bc5 34. Rc6 Rd7 35. Bxf5 Rd2+ 36. Kh3 Rxa2 37. Rg6+ Kf8 38. Rxh6 a5 39. Kg4 a4 40. h4 a3 41. Rf6+ Ke7 42. Re6+ Kf7 43. Rc6 Rg2+ 44. Kh3 Rb2 45. h5 a2 46. Be6+ Kg7 47. h6+ Kh7 48. Bf5+ Kg8 49. h7+ Kf7 50. h8=Q a1=Q 51. Qh7+ 1-0

[Event "Crewe Open"]
[Site "Crewe"]
[Date "2025.06.28"]
[Round "3.27"]
[White "Pyda, Arjun"]
[Black "Richmond, Frank"]
[Result "0-1"]
[WhiteElo "1810"]
[BlackElo "1811"]
[PlyCount "178"]
[EventDate "2025.06.27"]
[EventType "swiss"]
[EventRounds "5"]
[EventCountry "ENG"]
[SourceTitle "BritBase"]
[Source "John Saunders"]
[SourceDate "2025.07.10"]
[SourceVersion "1"]
[SourceVersionDate "2025.07.10"]
[SourceQuality "1"]

1. e4 e6 2. d4 d5 3. Bd3 dxe4 4. Bxe4 Nf6 5. Bf3 c5 6. Ne2 Nc6 7. Be3 cxd4 8. Nxd4 Ne5 9. Nc3 a6 10. Qe2 Bb4 11. O-O Nxf3+ 12. Nxf3 Bxc3 13. bxc3 O-O 14. c4 Qc7 15. a4 b6 16. Rab1 Nd7 17. Rb4 a5 18. Rb3 Ba6 19. Nd2 Rfc8 20. Qg4 Ne5 21. Qg3 Nxc4 22. Qxc7 Rxc7 23. Rfb1 Nxd2 24. Bxd2 Rxc2 25. Rxb6 Rxd2 26. Rxa6 Rad8 27. g3 R2d5 28. Rb5 Rxb5 29. axb5 Kf8 30. Rxa5 Ke7 31. b6 Rb8 32. Ra7+ Ke8 33. Ra6 Rb7 34. Ra8+ Kd7 35. Ra7 Kc6 36. Ra8 Kxb6 37. Ra4 Kc5 38. Kg2 f5 39. Ra6 Kd5 40. Ra5+ Kd6 41. Ra6+ Ke7 42. Kf3 Rb3+ 43. Ke2 Rb5 44. Kf3 Rd5 45. Ra3 Rd6 46. Rb3 Kf6 47. Ra3 e5 48. Ra2 g5 49. Rb2 e4+ 50. Kg2 Ke5 51. Rb7 h6 52. Re7+ Re6 53. Ra7 f4 54. Ra5+ Kd4 55. Ra4+ Kc3 56. f3 e3 57. Kf1 Kd2 58. Ra2+ Kd1 59. Ra1+ Kc2 60. Ke2 Rd6 61. Ra8 Rd2+ 62. Ke1 Rd1+ 63. Ke2 Rh1 64. Rc8+ Kb3 65. gxf4 gxf4 66. Rb8+ Kc4 67. Ra8 Rxh2+ 68. Ke1 Kd5 69. Rf8 Ke5 70. Re8+ Kf6 71. Rf8+ Ke5 72. Re8+ Kd6 73. Rf8 Rh4 74. Ra8 Rh5 75. Ra6+ Ke7 76. Ra7+ Kf6 77. Ra8 Kg5 78. Rg8+ Kf6 79. Rf8+ Ke5 80. Ra8 Rh1+ 81. Ke2 Rh2+ 82. Ke1 Rf2 83. Rh8 Rxf3 84. Rxh6 Rg3 85. Rh8 Ke4 86. Rh4 Kd3 87. Rxf4 Rg1+ 88. Rf1 Rxf1+ 89. Kxf1 Kd2 0-1

[Event "Crewe Open"]
[Site "Crewe"]
[Date "2025.06.29"]
[Round "4.1"]
[White "Blackburn, Jonathan LB"]
[Black "Boswell, Jacob Connor"]
[Result "1/2-1/2"]
[WhiteElo "2207"]
[BlackElo "2252"]
[PlyCount "87"]
[EventDate "2025.06.27"]
[EventType "swiss"]
[EventRounds "5"]
[EventCountry "ENG"]
[SourceTitle "BritBase"]
[Source "John Saunders"]
[SourceDate "2025.07.10"]
[SourceVersion "1"]
[SourceVersionDate "2025.07.10"]
[SourceQuality "1"]

1. d4 Nf6 2. c4 e6 3. Nc3 Bb4 4. Nf3 d5 5. Qa4+ Nc6 6. a3 Bxc3+ 7. bxc3 Ne4 8. Qc2 Na5 9. e3 b6 10. cxd5 exd5 11. Bd3 Bb7 12. O-O O-O 13. Nd2 f5 14. a4 Rc8 15. f3 Nd6 16. Ba3 c5 17. dxc5 bxc5 18. c4 dxc4 19. Nxc4 Naxc4 20. Bxc4+ Nxc4 21. Qxc4+ Bd5 22. Qc3 Rf7 23. Rfd1 Rd7 24. Qe5 Bb3 25. Rxd7 Qxd7 26. Bxc5 Bxa4 27. Bd4 Re8 28. Qg3 Re7 29. Qb8+ Qe8 30. Qb4 Bb5 31. Rxa7 Rxa7 32. Bxa7 Qc6 33. Qe7 Qd7 34. Qxd7 Bxd7 35. Kf2 Kf7 36. Bb6 h5 37. Bd8 Bb5 38. Kg3 Bf1 39. Kf2 Bb5 40. e4 fxe4 41. fxe4 g6 42. Ke3 Bc4 43. Kd4 Ba2 44. g3 1/2-1/2

[Event "Crewe Open"]
[Site "Crewe"]
[Date "2025.06.29"]
[Round "4.2"]
[White "Ashton, Adam G"]
[Black "Arnott, Jonathan W"]
[Result "1-0"]
[WhiteElo "2276"]
[BlackElo "2059"]
[PlyCount "51"]
[EventDate "2025.06.27"]
[EventType "swiss"]
[EventRounds "5"]
[EventCountry "ENG"]
[SourceTitle "BritBase"]
[Source "John Saunders"]
[SourceDate "2025.07.10"]
[SourceVersion "1"]
[SourceVersionDate "2025.07.10"]
[SourceQuality "1"]

1. e4 e6 2. d4 d5 3. e5 c5 4. c3 Bd7 5. Nf3 Nc6 6. Be2 Nge7 7. Na3 cxd4 8. cxd4 Nf5 9. Nc2 Nh4 10. O-O Nxf3+ 11. Bxf3 Nb4 12. Be2 Nxc2 13. Qxc2 Qb6 14. Qd3 Rc8 15. Rd1 a6 16. Qg3 Bb5 17. Bxb5+ Qxb5 18. h4 Qe2 19. Be3 g6 20. Re1 Qd3 21. Rad1 Qf5 22. Bg5 Be7 23. Bxe7 Kxe7 24. Qa3+ Ke8 25. Rc1 Rc4 26. b3 1-0

[Event "Crewe Open"]
[Site "Crewe"]
[Date "2025.06.29"]
[Round "4.3"]
[White "Surtees, Michael J"]
[Black "Carroll, Thomas"]
[Result "0-1"]
[WhiteElo "2100"]
[BlackElo "2131"]
[PlyCount "62"]
[EventDate "2025.06.27"]
[EventType "swiss"]
[EventRounds "5"]
[EventCountry "ENG"]
[SourceTitle "BritBase"]
[Source "John Saunders"]
[SourceDate "2025.07.10"]
[SourceVersion "1"]
[SourceVersionDate "2025.07.10"]
[SourceQuality "1"]

1. e4 c5 2. d3 Nc6 3. f4 d5 4. Be2 dxe4 5. dxe4 Qxd1+ 6. Bxd1 e5 7. g3 Nf6 8. Nd2 Bd6 9. Ne2 Bh3 10. Rg1 O-O-O 11. c3 Rhe8 12. f5 g6 13. fxg6 hxg6 14. Bc2 Rh8 15. Nf3 Ng4 16. Bb3 c4 17. Bxc4 Bc5 18. Bd5 f5 19. Bd2 Nf2 20. Ned4 fxe4 21. Bxc6 Nd3+ 22. Ke2 bxc6 23. Nxc6 exf3+ 24. Kxf3 e4+ 25. Kxe4 Nf2+ 26. Ke5 Rxd2 27. Kf6 Rf8+ 28. Kg7 Rd7+ 29. Kh6 Ng4+ 30. Kg5 Be3+ 31. Kxg6 Rf6+ 0-1

[Event "Crewe Open"]
[Site "Crewe"]
[Date "2025.06.29"]
[Round "4.4"]
[White "Barwick, Carmel"]
[Black "Vaidyanathan, Adithya"]
[Result "0-1"]
[WhiteElo "1915"]
[BlackElo "2111"]
[PlyCount "88"]
[EventDate "2025.06.27"]
[EventType "swiss"]
[EventRounds "5"]
[EventCountry "ENG"]
[SourceTitle "BritBase"]
[Source "John Saunders"]
[SourceDate "2025.07.10"]
[SourceVersion "1"]
[SourceVersionDate "2025.07.10"]
[SourceQuality "1"]

1. d4 d5 2. Nc3 Nf6 3. Bf4 g6 4. e3 Bg7 5. h4 h5 6. Nf3 Bg4 7. Qd2 Bxf3 8. gxf3 e6 9. O-O-O O-O 10. Kb1 b6 11. Bd3 c5 12. Rdg1 Nc6 13. Bf1 Nd7 14. Ne2 e5 15. Bh2 exd4 16. exd4 cxd4 17. f4 Nc5 18. Bg2 Ne4 19. Bxe4 dxe4 20. f5 Qf6 21. fxg6 fxg6 22. Nf4 Ne7 23. Qb4 Kh7 24. Qb3 Bh6 25. Ne6 Rg8 26. Bd6 Nf5 27. Bf4 Rae8 28. Bxh6 Qxe6 29. Qxe6 Rxe6 30. Bg5 e3 31. fxe3 dxe3 32. Re1 e2 33. c3 Rf8 34. Rhg1 Re4 35. Kc2 Rfe8 36. Kd2 Nxh4 37. Bxh4 Rxh4 38. Rxe2 Rxe2+ 39. Kxe2 Rh2+ 40. Kd3 Rxb2 41. a4 Ra2 42. c4 Rxa4 43. Re1 Ra5 44. Kd4 Kh6 0-1

[Event "Crewe Open"]
[Site "Crewe"]
[Date "2025.06.29"]
[Round "4.5"]
[White "White, Stuart A"]
[Black "Mitchell, Martin"]
[Result "1/2-1/2"]
[WhiteElo "2084"]
[BlackElo "2139"]
[PlyCount "119"]
[EventDate "2025.06.27"]
[EventType "swiss"]
[EventRounds "5"]
[EventCountry "ENG"]
[SourceTitle "BritBase"]
[Source "John Saunders"]
[SourceDate "2025.07.10"]
[SourceVersion "1"]
[SourceVersionDate "2025.07.10"]
[SourceQuality "1"]

1. c4 Nf6 2. Nc3 e6 3. e4 d5 4. cxd5 exd5 5. e5 Ne4 6. Nf3 Nc6 7. Bb5 Be7 8. O-O O-O 9. d4 Bg4 10. h3 Bf5 11. Be3 Qd7 12. Rc1 Qe6 13. Bxc6 bxc6 14. Nxe4 dxe4 15. Nd2 c5 16. Nb3 cxd4 17. Nxd4 Qxe5 18. Nc6 Qf6 19. Nxe7+ Qxe7 20. Bc5 Qg5 21. f4 Qg6 22. Bxf8 Bxh3 23. Qe2 Rxf8 24. Rc3 Bg4 25. Qf2 Re8 26. Qxa7 Qd6 27. Qc5 Qd2 28. Rc2 Qd3 29. Qc3 Qd5 30. Rd2 Qxa2 31. Qxc7 Qa8 32. Re1 h6 33. Qc5 Qa6 34. Qd4 Bf5 35. b4 Qe6 36. b5 Rb8 37. Rb2 Rb6 38. Ra1 Kh7 39. Re1 Bg6 40. Qc5 Qf6 41. Rb4 Bf5 42. Rd4 Rxb5 43. Qxb5 Qxd4+ 44. Kh2 Qf6 45. Kg1 Qg6 46. Re3 h5 47. Qe2 Bg4 48. Qe1 Qb6 49. Kh2 Bf5 50. Rg3 Qd6 51. Qf2 f6 52. Rc3 g5 53. g3 Kg6 54. fxg5 fxg5 55. Rc5 Qe6 56. Qe3 Qa2+ 57. Kg1 Qb1+ 58. Rc1 Qb5 59. Qd4 h4 60. g4 1/2-1/2

[Event "Crewe Open"]
[Site "Crewe"]
[Date "2025.06.29"]
[Round "4.6"]
[White "Chan, Sheng Liang Bernard"]
[Black "Hariharan, Shambavi"]
[Result "1-0"]
[WhiteElo "2099"]
[BlackElo "1936"]
[PlyCount "73"]
[EventDate "2025.06.27"]
[EventType "swiss"]
[EventRounds "5"]
[EventCountry "ENG"]
[SourceTitle "BritBase"]
[Source "John Saunders"]
[SourceDate "2025.07.10"]
[SourceVersion "1"]
[SourceVersionDate "2025.07.10"]
[SourceQuality "1"]

1. d4 Nf6 2. Nf3 e6 3. Bf4 d5 4. e3 a6 5. Bd3 c5 6. c3 Nc6 7. Nbd2 Bd6 8. Bg3 Bxg3 9. hxg3 Qd6 10. dxc5 Qxc5 11. e4 b5 12. e5 Ng4 13. Qe2 h5 14. Nb3 Qb6 15. Nbd4 Bb7 16. Nxc6 Qxc6 17. Nd4 Qc7 18. f4 b4 19. cxb4 Qb6 20. Qd2 Ke7 21. Be2 Rac8 22. Bxg4 hxg4 23. Rxh8 Rxh8 24. O-O-O Bc6 25. b3 Bd7 26. Kb2 Rh2 27. a4 f6 28. Ka3 Rh8 29. Rc1 Kf7 30. Rc5 Qb8 31. exf6 gxf6 32. f5 Qe5 33. fxe6+ Bxe6 34. Qf4 Re8 35. Rc7+ Kg6 36. Rc1 Re7 37. Nc6 1-0

[Event "Crewe Open"]
[Site "Crewe"]
[Date "2025.06.29"]
[Round "4.7"]
[White "Jackson, Oliver A"]
[Black "Wareing, John P"]
[Result "0-1"]
[WhiteElo "2054"]
[BlackElo "1914"]
[PlyCount "76"]
[EventDate "2025.06.27"]
[EventType "swiss"]
[EventRounds "5"]
[EventCountry "ENG"]
[SourceTitle "BritBase"]
[Source "John Saunders"]
[SourceDate "2025.07.10"]
[SourceVersion "1"]
[SourceVersionDate "2025.07.10"]
[SourceQuality "1"]

1. e4 c5 2. Nc3 e6 3. f4 d5 4. Nf3 dxe4 5. Nxe4 a6 6. g3 Be7 7. Bg2 Nc6 8. d3 Qc7 9. c3 Nh6 10. O-O Nf5 11. g4 Nh6 12. h3 Bd7 13. Be3 b6 14. Ne5 Rd8 15. Qe2 Nxe5 16. fxe5 Bc6 17. Rf2 Bh4 18. Nd6+ Rxd6 19. exd6 Bxf2+ 20. Qxf2 Qxd6 21. Qf4 Kd7 22. Bxc6+ Kxc6 23. Qf3+ Qd5 24. Qe2 Qe5 25. Qf2 f5 26. d4 Qd5 27. g5 Nf7 28. dxc5 bxc5 29. Qe2 Ra8 30. Rd1 Qe4 31. Qf2 Ne5 32. Qg3 Nf3+ 33. Kf2 Qc2+ 34. Kxf3 Qxd1+ 35. Kg2 Qc2+ 36. Bf2 Qe4+ 37. Kh2 f4 38. Qg1 Rd8 0-1

[Event "Crewe Open"]
[Site "Crewe"]
[Date "2025.06.29"]
[Round "4.8"]
[White "Pilley, Jack"]
[Black "Hilditch-Love, Daniel"]
[Result "1-0"]
[WhiteElo "2016"]
[BlackElo "1832"]
[PlyCount "133"]
[EventDate "2025.06.27"]
[EventType "swiss"]
[EventRounds "5"]
[EventCountry "ENG"]
[SourceTitle "BritBase"]
[Source "John Saunders"]
[SourceDate "2025.07.10"]
[SourceVersion "1"]
[SourceVersionDate "2025.07.10"]
[SourceQuality "1"]

1. e4 d6 2. d4 Nf6 3. Nc3 c6 4. f4 Qa5 5. Bd3 e5 6. Nf3 Nbd7 7. O-O Be7 8. Kh1 O-O 9. Qe1 Kh8 10. Bd2 Qc7 11. g4 exd4 12. Nxd4 Nxg4 13. Nf5 Nc5 14. Nxe7 Qxe7 15. h3 Nxd3 16. cxd3 Nf6 17. Qg3 Nh5 18. Qf3 Qh4 19. Kh2 f5 20. Ne2 fxe4 21. dxe4 Nf6 22. Nc3 Be6 23. f5 Bf7 24. Bf4 Rad8 25. Rae1 h6 26. Bg3 Qh5 27. Qd3 Ng4+ 28. Kg2 Ne5 29. Qd4 Qg5 30. h4 Qf6 31. Ne2 Ng4 32. Qd2 Rfe8 33. Nf4 d5 34. exd5 Rxe1 35. Rxe1 Bxd5+ 36. Nxd5 Rxd5 37. Re8+ Kh7 38. Qc2 Qxf5 39. Qxf5+ Rxf5 40. Re7 Rb5 41. b3 Nf6 42. Bf2 a6 43. Kf3 Kg6 44. Ke2 Nd5 45. Rd7 Nf6 46. Re7 c5 47. Kd3 b6 48. Ra7 Ra5 49. a4 b5 50. Bxc5 bxa4 51. b4 Rb5 52. Rxa6 Rb7 53. Kc4 Kf7 54. Rxa4 Nd7 55. Ra2 Nxc5 56. bxc5 g5 57. h5 Kf6 58. Ra6+ Kf5 59. Rxh6 g4 60. c6 Rg7 61. Rg6 Rh7 62. Kd5 Rxh5 63. Rg8 Rh1 64. Rf8+ Kg5 65. c7 Rd1+ 66. Ke4 Re1+ 67. Kd3 1-0

[Event "Crewe Open"]
[Site "Crewe"]
[Date "2025.06.29"]
[Round "4.10"]
[White "Gomez, Daniel"]
[Black "Om Reddy Jayar"]
[Result "1-0"]
[WhiteElo "2009"]
[BlackElo "1614"]
[PlyCount "73"]
[EventDate "2025.06.27"]
[EventType "swiss"]
[EventRounds "5"]
[EventCountry "ENG"]
[SourceTitle "BritBase"]
[Source "John Saunders"]
[SourceDate "2025.07.10"]
[SourceVersion "1"]
[SourceVersionDate "2025.07.10"]
[SourceQuality "1"]

1. e4 c5 2. Nf3 Nc6 3. Bb5 e5 4. O-O Bd6 5. c3 a6 6. Be2 Nf6 7. d4 cxd4 8. cxd4 O-O 9. dxe5 Bxe5 10. Nxe5 Nxe5 11. f4 Qb6+ 12. Kh1 Ng6 13. Nc3 d6 14. f5 Ne5 15. Bg5 Qxb2 16. Bxf6 Qxc3 17. Be7 Re8 18. Bxd6 Qc6 19. Qd4 Qc2 20. Bxe5 Qxe2 21. Rae1 Qg4 22. Rf3 Qh4 23. Rg3 g6 24. Bh8 Qh6 25. Rf1 b5 26. Qf6 Ra7 27. Rf4 Rae7 28. Rh3 Qf8 29. Re3 Qh6 30. h3 Rc7 31. Rh4 Qf8 32. Rg3 Bb7 33. fxg6 fxg6 34. Rxg6+ hxg6 35. Qxg6+ Rg7 36. Bxg7 Bxe4 37. Rh8# 1-0

[Event "Crewe Open"]
[Site "Crewe"]
[Date "2025.06.29"]
[Round "4.11"]
[White "Van Kemenade, Rudy"]
[Black "De Coverly, Roger D"]
[Result "1-0"]
[WhiteElo "1926"]
[BlackElo "1937"]
[PlyCount "101"]
[EventDate "2025.06.27"]
[EventType "swiss"]
[EventRounds "5"]
[EventCountry "ENG"]
[SourceTitle "BritBase"]
[Source "John Saunders"]
[SourceDate "2025.07.10"]
[SourceVersion "1"]
[SourceVersionDate "2025.07.10"]
[SourceQuality "1"]

1. d4 Nf6 2. c4 g6 3. Nc3 Bg7 4. e4 d6 5. h3 Nbd7 6. Be3 e5 7. d5 Nh5 8. g3 O-O 9. Be2 Ndf6 10. Qd2 Bd7 11. Bf3 a6 12. a4 b5 13. axb5 axb5 14. Rxa8 Qxa8 15. c5 Qa1+ 16. Nd1 Qb1 17. c6 Bc8 18. Qc1 Qd3 19. Nc3 Qc4 20. Be2 Qb4 21. Qc2 Qa5 22. Bxb5 Ba6 23. Bxa6 Qxa6 24. Nge2 Ne8 25. b4 f5 26. b5 Qa8 27. b6 cxb6 28. Bxb6 Nhf6 29. f3 Qa1+ 30. Qc1 Qa6 31. Qb1 fxe4 32. fxe4 Rf7 33. O-O Qc8 34. Kg2 h5 35. Be3 Kh7 36. Qb4 Bh6 37. Bxh6 Kxh6 38. Nb5 Qb8 39. Rb1 Nh7 40. c7 Qb6 41. Ned4 Rxc7 42. Nxc7 Qxc7 43. Qd2+ g5 44. Ne6 Qe7 45. Rf1 Nef6 46. Qe3 Kg6 47. Qf3 Kh6 48. Qf5 Ne8 49. Nf8 Qg7 50. Nxh7 Qxh7 51. Qf8+ 1-0

[Event "Crewe Open"]
[Site "Crewe"]
[Date "2025.06.29"]
[Round "4.12"]
[White "Duxbury, Craig"]
[Black "Vaddhireddy, Sai"]
[Result "0-1"]
[WhiteElo "2261"]
[BlackElo "1946"]
[PlyCount "48"]
[EventDate "2025.06.27"]
[EventType "swiss"]
[EventRounds "5"]
[EventCountry "ENG"]
[SourceTitle "BritBase"]
[Source "John Saunders"]
[SourceDate "2025.07.10"]
[SourceVersion "1"]
[SourceVersionDate "2025.07.10"]
[SourceQuality "1"]

1. d4 d5 2. Nc3 c5 3. e4 dxe4 4. d5 Nf6 5. Bg5 Nbd7 6. Qd2 h6 7. Bf4 a6 8. f3 b5 9. Bxb5 g5 10. Bxd7+ Bxd7 11. Be5 exf3 12. Bxf6 fxg2 13. Qxg2 exf6 14. O-O-O Bd6 15. Ne4 Be5 16. Nf3 Bf4+ 17. Kb1 O-O 18. d6 Rb8 19. h4 g4 20. Nxc5 Qb6 21. Nd3 Bf5 22. b3 Bxd6 23. Nf2 Qe3 24. Nxg4 Rxb3+ 0-1

[Event "Crewe Open"]
[Site "Crewe"]
[Date "2025.06.29"]
[Round "4.13"]
[White "Doran, Chris"]
[Black "Zak, Kamil"]
[Result "0-1"]
[WhiteElo "1975"]
[BlackElo "2090"]
[PlyCount "128"]
[EventDate "2025.06.27"]
[EventType "swiss"]
[EventRounds "5"]
[EventCountry "ENG"]
[SourceTitle "BritBase"]
[Source "John Saunders"]
[SourceDate "2025.07.10"]
[SourceVersion "1"]
[SourceVersionDate "2025.07.10"]
[SourceQuality "1"]

1. e4 e6 2. d4 d5 3. Nd2 dxe4 4. Nxe4 Bd7 5. Nf3 Bc6 6. Bd3 Nd7 7. O-O Ngf6 8. Qe2 Be7 9. c4 O-O 10. Nc3 Bxf3 11. Qxf3 c6 12. Bf4 Qb6 13. Rfd1 g6 14. Rab1 Rfe8 15. Bg5 Rac8 16. Ne4 Nxe4 17. Bxe7 Rxe7 18. Qxe4 Rce8 19. c5 Qc7 20. f4 Qd8 21. Bc4 Nf6 22. Qf3 Rd7 23. Qc3 Ne4 24. Qe3 Nxc5 25. b4 Na4 26. b5 Nb6 27. bxc6 Nxc4 28. Qc3 Rc7 29. Qxc4 Rxc6 30. Qe2 Re7 31. Qf3 Qc8 32. h3 Rc2 33. Qa3 Qc7 34. Rbc1 Rc6 35. g3 Rd7 36. Rxc6 bxc6 37. Qc3 Qb6 38. Kh2 Rd5 39. a4 Qa6 40. Qc2 Ra5 41. Ra1 Qb6 42. Qc3 c5 43. d5 exd5 44. Re1 d4 45. Re8+ Kg7 46. Qe1 Qb2+ 47. Kh1 d3 48. Qe7 Qc1+ 49. Kh2 Qd2+ 50. Kh1 Qd1+ 51. Kg2 Qe2+ 52. Qxe2 dxe2 53. Rxe2 Rxa4 54. Rc2 c4 55. Kf3 Ra3+ 56. Kg2 c3 57. Kf3 Rb3 58. Ke4 a5 59. Kd3 a4 60. Ra2 c2+ 61. Kxc2 Rxg3 62. Rxa4 Rxh3 63. Kd2 Rh4 64. Ke3 g5 0-1

[Event "Crewe Open"]
[Site "Crewe"]
[Date "2025.06.29"]
[Round "4.14"]
[White "Vaidyanathan, Sathya"]
[Black "Vassiliou, Chris"]
[Result "0-1"]
[WhiteElo "1878"]
[BlackElo "1909"]
[PlyCount "56"]
[EventDate "2025.06.27"]
[EventType "swiss"]
[EventRounds "5"]
[EventCountry "ENG"]
[SourceTitle "BritBase"]
[Source "John Saunders"]
[SourceDate "2025.07.10"]
[SourceVersion "1"]
[SourceVersionDate "2025.07.10"]
[SourceQuality "1"]

1. e4 c5 2. Nc3 Nc6 3. Bb5 Nd4 4. Nf3 g6 5. Nxd4 cxd4 6. Ne2 Bg7 7. c3 a6 8. Bd3 dxc3 9. dxc3 d6 10. O-O Nf6 11. f4 Qb6+ 12. Kh1 Ng4 13. Qe1 Bd7 14. b4 Rc8 15. Bd2 Bb5 16. Bxb5+ Qxb5 17. h3 Nf6 18. Nd4 Qc4 19. e5 dxe5 20. fxe5 Nd5 21. Rf3 O-O 22. Qg3 e6 23. a4 Nxb4 24. Nf5 exf5 25. cxb4 Qd4 26. Rd1 Rcd8 27. Rf2 Bxe5 28. Qg5 Qxf2 0-1

[Event "Crewe Open"]
[Site "Crewe"]
[Date "2025.06.29"]
[Round "4.16"]
[White "Mize, Dylan"]
[Black "Varley, Joe"]
[Result "0-1"]
[WhiteElo "1794"]
[BlackElo "2018"]
[PlyCount "92"]
[EventDate "2025.06.27"]
[EventType "swiss"]
[EventRounds "5"]
[EventCountry "ENG"]
[SourceTitle "BritBase"]
[Source "John Saunders"]
[SourceDate "2025.07.10"]
[SourceVersion "1"]
[SourceVersionDate "2025.07.10"]
[SourceQuality "1"]

1. Nf3 Nf6 2. g3 g6 3. b3 Bg7 4. Bb2 O-O 5. Bg2 c5 6. c4 Nc6 7. Ne5 Nxe5 8. Bxe5 d6 9. Bb2 Rb8 10. O-O a6 11. d4 Nd7 12. e3 b5 13. cxb5 axb5 14. Qd2 b4 15. dxc5 Bxb2 16. Qxb2 Nxc5 17. Rd1 Bf5 18. Nd2 Qd7 19. e4 Bh3 20. Qd4 Bxg2 21. Kxg2 f5 22. e5 Ne6 23. Qd3 Qb7+ 24. Qf3 dxe5 25. Qxb7 Rxb7 26. Nc4 e4 27. Na5 Rc7 28. Nc4 Ra8 29. Nb6 Rb8 30. Nc4 Nc5 31. Rd2 Rd7 32. Rxd7 Nxd7 33. Rd1 Rb7 34. Rd5 Nf6 35. Rd4 Ra7 36. Ne3 Rxa2 37. Rxb4 e5 38. Rb7 f4 39. gxf4 exf4 40. Nd1 Rd2 41. Nc3 e3 42. Rb8+ Kg7 43. Rb7+ Kh6 44. Rb6 Ng4 45. b4 exf2 46. Ne4 Ne3+ 0-1

[Event "Crewe Open"]
[Site "Crewe"]
[Date "2025.06.29"]
[Round "4.17"]
[White "Dissanayake, Sathsara"]
[Black "Potter, John M"]
[Result "0-1"]
[WhiteElo "1709"]
[BlackElo "2007"]
[PlyCount "97"]
[EventDate "2025.06.27"]
[EventType "swiss"]
[EventRounds "5"]
[EventCountry "ENG"]
[SourceTitle "BritBase"]
[Source "John Saunders"]
[SourceDate "2025.07.10"]
[SourceVersion "1"]
[SourceVersionDate "2025.07.10"]
[SourceQuality "1"]

1. e4 d6 2. d4 Nf6 3. Nc3 g6 4. Nf3 Bg7 5. Be2 O-O 6. O-O e6 7. Be3 h6 8. h3 Nc6 9. Qd2 Kh7 10. Ne1 Nd7 11. f4 e5 12. d5 exf4 13. Bxf4 Nce5 14. Nf3 Nxf3+ 15. Bxf3 a6 16. Rae1 Ne5 17. b3 Bd7 18. Nd1 Qh4 19. Kh2 Rae8 20. Bg3 Qe7 21. Nf2 h5 22. Nd3 Bh6 23. Qc3 Nxd3 24. cxd3 h4 25. Bf2 Bf4+ 26. g3 Be5 27. d4 hxg3+ 28. Bxg3 Bxg3+ 29. Kxg3 Qg5+ 30. Bg4 Re7 31. e5 Kg7 32. e6 Bb5 33. h4 Qh6 34. Rf4 f5 35. a4 Be8 36. Ref1 Rh8 37. Bh3 g5 38. Rxf5 Qxh4+ 39. Kh2 g4 40. R1f4 Qxh3+ 41. Qxh3 Rxh3+ 42. Kg2 Rh6 43. Kg3 Rg6 44. Rxg4 Rxg4+ 45. Kxg4 Bg6 46. Rf4 Bc2 47. Kg5 Bxb3 48. Rf6 Bc2 49. Rh6 0-1

[Event "Crewe Open"]
[Site "Crewe"]
[Date "2025.06.29"]
[Round "4.18"]
[White "Shivakumar, Akshath"]
[Black "Ackley, Peter JE"]
[Result "1/2-1/2"]
[WhiteElo "1838"]
[BlackElo "1976"]
[PlyCount "69"]
[EventDate "2025.06.27"]
[EventType "swiss"]
[EventRounds "5"]
[EventCountry "ENG"]
[SourceTitle "BritBase"]
[Source "John Saunders"]
[SourceDate "2025.07.10"]
[SourceVersion "1"]
[SourceVersionDate "2025.07.10"]
[SourceQuality "1"]

1. d4 d6 2. c4 g6 3. Nc3 Bg7 4. e4 e5 5. d5 a5 6. Be3 f5 7. exf5 gxf5 8. Qh5+ Kf8 9. Qe2 Nf6 10. g3 Na6 11. h4 h5 12. Nh3 Ng4 13. Ng5 Qf6 14. Bh3 Qg6 15. Bxg4 hxg4 16. f3 gxf3 17. Qxf3 Qh5 18. O-O Qxf3 19. Rxf3 Ke7 20. Re1 Bf6 21. Ref1 Bxg5 22. Bxg5+ Ke8 23. Ne4 b6 24. Nf6+ Kf7 25. Ng4 f4 26. Nf2 Nc5 27. gxf4 e4 28. Re3 Bf5 29. Rfe1 Rab8 30. a4 Rbe8 31. b3 Kg6 32. Kh2 Nd3 33. R1e2 Nxf2 34. Rxf2 Kf7 35. Rd2 1/2-1/2